000 00915nam a2200289 a 4500
001 61073
003 BD-RjUL
005 20211209080922.0
008 170115s1990 nyuabf b 001 0 eng d
020 _a0075572214
035 _a(BD-RjUL) 61197
040 _aDLC
_cDLC
_dDLC
_beng
041 _aeng
082 0 0 _a808.066
_223
_bFOR 1990
100 1 _aForman, Janis.
_9182254
245 1 4 _aThe Random House guide to business writing /
_cJanis Forman with Kathleen A. Kelly.
246 3 0 _aGuide to business writing
246 3 0 _aBusiness writing
260 _aNew York :
_bMcGraw-Hill,
_cc1990.
300 _axxiii, 856 p., [4] p. :
_bill. ;
_c25 cm.
504 _aIncludes bibliographical references (p. 833-837) and index.
650 0 _aBusiness report writing.
_9182189
650 0 _aBusiness writing.
_9182112
700 1 _aKelly, Kathleen A.
_9182255
942 _2ddc
_cBK
999 _c61073
_d61073